Chaostheorie Zur Theorie nichtlinearer dynamischer Systeme

Salvato in:
Dettagli Bibliografici
Autore principale: Loistl, Otto
Altri autori: Betz, Iro
Natura: Libro
Lingua:tedesco
Pubblicazione: München Oldenbourg 1994
Edizione:2. durchges. Aufl.
Soggetti:
Tags: Aggiungi Tag
Nessun Tag, puoi essere il primo ad aggiungerne!!

MARC

LEADER 00000nam a2200000 4500
001 c010356
005 20221205140616.9
020 |a 3-486-22756-4 
041 0 |a ger 
044 |a DE 
245 1 0 |a Chaostheorie  |b Zur Theorie nichtlinearer dynamischer Systeme  |c Otto Loistl, Iro Betz 
250 |a 2. durchges. Aufl. 
264 1 |a München  |b Oldenbourg  |c 1994 
300 |a 124 s. 
610 2 0 |a teória chaosu 
610 2 0 |a výskum 
610 2 0 |a štrukturalizácia 
610 2 0 |a entropia 
610 2 0 |a modely nelineárne 
610 2 0 |a dynamika systémov 
100 1 |a Loistl, Otto 
700 1 |a Betz, Iro